[Event "Guimaraes Open 2019"]
[Site "Guimaraes"]
[Date "2019.09.01"]
[Round "7.36"]
[White "Simoes, Miguel Patricio"]
[Black "Pina, Tiago"]
[Result "1-0"]
[WhiteElo "1870"]
[BlackElo "1548"]
[Annotator "NA"]
[PlyCount "117"]
[EventDate "2019.08.28"]
[EventType "swiss"]
[EventCountry "POR"]
[SourceTitle "playchess.com"]
[Source "ChessBase"]
[SourceQuality "1"]
[TimeControl "5400+30"]

1. e4 {[%emt 0:00:00]} c6 {[%emt 0:00:00]} 2. Nc3 {[%emt 0:00:01]} d5 {[%emt 0:00:02]} 3. Nf3 {[%emt 0:00:12]} dxe4 {[%emt 0:00:19]} 4. Nxe4 {[%emt 0:00:06]} Nf6 {[%emt 0:00:23]} 5. Qe2 {[%emt 0:00:34]} Bf5 {[%emt 0:00:23]} 6. Ng3 {[%emt 0:06:19]} Bxc2 {[%emt 0:00:53]} 7. d3 {[%emt 0:00:17]} Ba4 {[%emt 0:01:19]} 8. b3 {[%emt 0:00:09]} Bb5 {[%emt 0:00:14]} 9. Bb2 {[%emt 0:01:03]} e6 {[%emt 0:05:40]} 10. O-O-O {[%emt 0:00:06]} Be7 {[%emt 0:03:20]} 11. Ne5 {[%emt 0:01:06]} Qd5 {[%emt 0:22:02]} 12. h4 {[%emt 0:02:47]} a5 {[%emt 0:02:10]} 13. Nc4 {[%emt 0:01:39]} a4 {[%emt 0:06:40]} 14. Ne4 {[%emt 0:01:05]} Ra6 {[%emt 0:20:29]} 15. g4 {[%emt 0:05:54]} Bxc4 {[%emt 0:06:46]} 16. bxc4 {[%emt 0:00:37]} Qa5 {[%emt 0:04:30]} 17. Bc3 {[%emt 0:01:45]} Qb6 {[%emt 0:00:54]} 18. Kc2 {[%emt 0:00:22]} Nxe4 {[%emt 0:02:06]} 19. dxe4 {[%emt 0:01:44]} Bf6 {[%emt 0:01:12]} 20. Bxf6 {[%emt 0:02:27]} gxf6 {[%emt 0:00:01]} 21. e5 {[%emt 0:02:19]} Ke7 {[%emt 0:05:19]} 22. exf6+ {[%emt 0:01:08]} Kxf6 {[%emt 0:00:04]} 23. g5+ {[%emt 0:01:02]} Ke7 {[%emt 0:00:29]} 24. Qf3 {[%emt 0:00:22]} Nd7 {[%emt 0:01:03]} 25. Rb1 {[%emt 0:08:37]} Qc7 {[%emt 0:00:42]} 26. Bh3 {[%emt 0:00:23]} Rb6 {[%emt 0:01:11]} 27. Rbd1 {[%emt 0:01:16]} Rb4 {[%emt 0:01:35]} 28. Qc3 {[%emt 0:00:26]} c5 {[%emt 0:01:27]} 29. Qxh8 {[%emt 0:00:15]} Rxc4+ {[%emt 0:00:15]} 30. Kb1 {[%emt 0:00:13]} Qb6+ {[%emt 0:02:07]} 31. Ka1 {[%emt 0:00:07]} a3 {[%emt 0:00:05]} 32. Rd2 {[%emt 0:01:51]} Rd4 {[%emt 0:01:20]} 33. Rb1 {[%emt 0:01:02]} Qa5 {[%emt 0:00:21]} 34. Rc2 {[%emt 0:00:07]} Qa4 {[%emt 0:00:59]} 35. Qxh7 {[%emt 0:02:19]} Rxh4 {[%emt 0:00:21]} 36. Qd3 {[%emt 0:00:19]} Rxh3 {[%emt 0:00:23]} 37. Qxh3 {[%emt 0:00:15]} Qxc2 {[%emt 0:00:07]} 38. Qxa3 {[%emt 0:00:07]} Qxf2 {[%emt 0:00:38]} 39. Rxb7 {[%emt 0:00:21]} Qg1+ {[%emt 0:00:12]} 40. Rb1 {[%emt 0:00:05]} Qxg5 {[%emt 0:00:14]} 41. Qc3 {[%emt 0:00:06]} Qe5 {[%emt 0:01:11]} 42. Kb2 {[%emt 0:00:33]} Kd6 {[%emt 0:01:12]} 43. Qxe5+ {[%emt 0:00:39]} Nxe5 {[%emt 0:00:07]} 44. Kc3 {[%emt 0:00:03]} f5 {[%emt 0:01:20]} 45. a4 {[%emt 0:00:04]} Nc6 {[%emt 0:01:07]} 46. Rd1+ {[%emt 0:00:13]} Nd4 {[%emt 0:00:30]} 47. a5 {[%emt 0:01:40]} Kc6 {[%emt 0:00:30]} 48. Rb1 {[%emt 0:00:22]} Nb5+ {[%emt 0:00:46]} 49. Kd2 {[%emt 0:00:26]} c4 {[%emt 0:01:32]} 50. a6 {[%emt 0:01:02]} c3+ {[%emt 0:00:29]} 51. Kc1 {[%emt 0:00:06]} Na7 {[%emt 0:01:52]} 52. Kc2 {[%emt 0:00:41]} e5 {[%emt 0:01:37]} 53. Kxc3 Nc8 {[%emt 0:00:33]} 54. Kd3 {[%emt 0:01:26]} Na7 {[%emt 0:00:35]} 55. Ke3 {[%emt 0:00:19]} Nc8 {[%emt 0:01:00]} 56. Rc1+ {[%emt 0:00:40]} Kd7 {[%emt 0:00:16]} 57. Kf3 {[%emt 0:00:44]} Na7 {[%emt 0:03:08]} 58. Rb1 {[%emt 0:01:00]} Kc8 {[%emt 0:01:32]} 59. Rb6 {[%emt 0:00:14]} 1-0

[Event "Guimaraes Open 2019"]
[Site "Guimaraes"]
[Date "2019.09.01"]
[Round "7.37"]
[White "Guimaraes, Alvaro Jose"]
[Black "Reis, Angelica Mufato"]
[Result "1/2-1/2"]
[WhiteElo "1796"]
[BlackElo "1444"]
[Annotator "NA"]
[PlyCount "113"]
[EventDate "2019.08.28"]
[EventType "swiss"]
[EventCountry "POR"]
[SourceTitle "playchess.com"]
[Source "ChessBase"]
[SourceQuality "1"]
[TimeControl "5400+30"]

1. g3 {[%emt 0:00:00]} d5 {[%emt 0:00:00]} 2. Bg2 {[%emt 0:00:00]} Nf6 {[%emt 0:00:00]} 3. d3 {[%emt 0:00:00]} e5 {[%emt 0:01:39]} 4. c4 {[%emt 0:01:29]} Be6 {[%emt 0:05:45]} 5. cxd5 {[%emt 0:00:29]} Bxd5 {[%emt 0:00:40]} 6. Nf3 {[%emt 0:00:04]} Bd6 {[%emt 0:02:36]} 7. Nc3 {[%emt 0:00:13]} Be6 {[%emt 0:01:08]} 8. O-O {[%emt 0:00:25]} O-O {[%emt 0:00:19]} 9. Bg5 {[%emt 0:02:15]} Nbd7 {[%emt 0:00:51]} 10. Rc1 {[%emt 0:00:49]} h6 {[%emt 0:02:12]} 11. Bd2 {[%emt 0:00:14]} c6 {[%emt 0:02:41]} 12. Qc2 {[%emt 0:02:25]} Re8 {[%emt 0:04:06]} 13. Rfd1 {[%emt 0:00:21]} Rc8 {[%emt 0:01:46]} 14. Be1 {[%emt 0:03:11]} Bf5 {[%emt 0:04:55]} 15. a3 {[%emt 0:02:47]} Nb6 {[%emt 0:02:09]} 16. b4 {[%emt 0:02:19]} c5 {[%emt 0:04:10]} 17. b5 {[%emt 0:02:38]} c4 {[%emt 0:00:26]} 18. e4 {[%emt 0:00:37]} cxd3 {[%emt 0:01:17]} 19. Qxd3 {[%emt 0:00:36]} Bxa3 {[%emt 0:02:10]} 20. Qxd8 {[%emt 0:03:44]} Rexd8 {[%emt 0:00:12]} 21. Rxd8+ {[%emt 0:00:23]} Rxd8 {[%emt 0:00:07]} 22. Ra1 {[%emt 0:00:56]} Bb2 {[%emt 0:00:17]} 23. Rxa7 {[%emt 0:00:02]} Bxc3 {[%emt 0:00:19]} 24. Bxc3 {[%emt 0:00:11]} Bxe4 {[%emt 0:00:56]} 25. Nxe5 {[%emt 0:01:13]} Rd1+ {[%emt 0:03:27]} 26. Bf1 {[%emt 0:00:05]} Bd5 {[%emt 0:01:54]} 27. f3 Nbd7 {[%emt 0:03:12]} 28. Kf2 {[%emt 0:03:03]} Nxe5 {[%emt 0:04:40]} 29. Bxe5 {[%emt 0:00:06]} Bxf3 {[%emt 0:02:29]} 30. Bxf6 {[%emt 0:00:28]} gxf6 {[%emt 0:00:13]} 31. Kxf3 {[%emt 0:02:19]} Rxf1+ {[%emt 0:00:06]} 32. Kg4 {[%emt 0:00:59]} Kg7 {[%emt 0:01:41]} 33. Rxb7 {[%emt 0:00:03]} Kg6 {[%emt 0:00:44]} 34. Rb8 {[%emt 0:00:33]} f5+ {[%emt 0:02:00]} 35. Kh3 {[%emt 0:00:25]} f4 {[%emt 0:01:21]} 36. Kg2 {[%emt 0:00:42]} Rb1 {[%emt 0:00:55]} 37. b6 {[%emt 0:03:02]} fxg3 {[%emt 0:00:45]} 38. hxg3 {[%emt 0:00:02]} Kf5 {[%emt 0:01:04]} 39. Kh3 {[%emt 0:01:41]} Rb4 {[%emt 0:00:37]} 40. b7 {[%emt 0:01:05]} h5 {[%emt 0:01:10]} 41. Kg2 {[%emt 0:04:08]} Rb2+ {[%emt 0:02:21]} 42. Kf3 {[%emt 0:00:02]} Rb3+ {[%emt 0:00:12]} 43. Kf2 {[%emt 0:00:06]} Rb2+ {[%emt 0:00:05]} 44. Ke3 {[%emt 0:00:05]} Rb3+ {[%emt 0:00:14]} 45. Kd4 {[%emt 0:00:23]} f6 {[%emt 0:00:27]} 46. Kd5 {[%emt 0:00:28]} Rb1 {[%emt 0:00:14]} 47. Kc6 {[%emt 0:00:11]} Rc1+ {[%emt 0:00:06]} 48. Kd6 {[%emt 0:00:57]} Rb1 {[%emt 0:00:06]} 49. Ke7 {[%emt 0:00:10]} Rb6 {[%emt 0:00:30]} 50. Kf7 {[%emt 0:00:19]} Rb3 {[%emt 0:00:46]} 51. Kf8 {[%emt 0:01:57]} Kg6 {[%emt 0:00:21]} 52. Kg8 {[%emt 0:01:08]} f5 {[%emt 0:02:05]} 53. Kh8 {[%emt 0:01:04]} Kh6 {[%emt 0:00:11]} 54. Kg8 {[%emt 0:00:26]} Kg6 {[%emt 0:00:06]} 55. Kf8 {[%emt 0:00:19]} Kf6 {[%emt 0:00:05]} 56. Ke8 {[%emt 0:00:15]} Ke6 {[%emt 0:00:21]} 57. Kf8 {[%emt 0:00:20]} 1/2-1/2

[Event "Guimaraes Open 2019"]
[Site "Guimaraes"]
[Date "2019.09.01"]
[Round "7.38"]
[White "Silva, Mark Orlov"]
[Black "Soares, Sara Joana De Moura "]
[Result "0-1"]
[WhiteElo "1272"]
[BlackElo "1533"]
[Annotator "NA"]
[PlyCount "64"]
[EventDate "2019.08.28"]
[EventType "swiss"]
[EventCountry "POR"]
[SourceTitle "playchess.com"]
[Source "ChessBase"]
[SourceQuality "1"]
[TimeControl "5400+30"]

1. d4 {[%emt 0:04:32]} Nf6 {[%emt 0:00:00]} 2. Bf4 {[%emt 0:00:26]} d5 {[%emt 0:00:12]} 3. e3 {[%emt 0:00:17]} e6 {[%emt 0:00:28]} 4. c3 {[%emt 0:00:18]} Be7 {[%emt 0:00:23]} 5. Nd2 {[%emt 0:00:29]} O-O {[%emt 0:00:22]} 6. Bd3 {[%emt 0:01:07]} Nbd7 {[%emt 0:01:12]} 7. Ngf3 {[%emt 0:00:43]} c5 {[%emt 0:00:31]} 8. O-O {[%emt 0:00:55]} c4 {[%emt 0:11:27]} 9. Bc2 {[%emt 0:03:13]} Nh5 {[%emt 0:01:32]} 10. Bg3 {[%emt 0:04:47]} Nxg3 {[%emt 0:00:21]} 11. hxg3 {[%emt 0:00:45]} b5 {[%emt 0:00:43]} 12. a3 {[%emt 0:03:14]} Qb6 {[%emt 0:01:31]} 13. Kh2 {[%emt 0:00:55]} a5 {[%emt 0:01:25]} 14. Rh1 {[%emt 0:00:44]} Bf6 {[%emt 0:04:43]} 15. Kg1 {[%emt 0:16:41]} g6 {[%emt 0:02:29]} 16. Kf1 {[%emt 0:01:32]} Bb7 {[%emt 0:05:57]} 17. Ke2 {[%emt 0:01:31]} Rfe8 {[%emt 0:05:58]} 18. Rh3 {[%emt 0:02:29]} Kg7 {[%emt 0:02:44]} 19. g4 {[%emt 0:00:37]} h6 {[%emt 0:02:13]} 20. Qh1 {[%emt 0:00:18]} Rh8 {[%emt 0:00:08]} 21. Qh2 {[%emt 0:00:10]} Qd8 {[%emt 0:07:27]} 22. Rh1 {[%emt 0:02:48]} Bg5 {[%emt 0:02:56]} 23. e4 {[%emt 0:01:40]} Qe7 {[%emt 0:07:23]} 24. Nxg5 {[%emt 0:00:16]} Qxg5 {[%emt 0:00:09]} 25. Nf3 {[%emt 0:00:10]} Qd8 {[%emt 0:01:14]} 26. Rxh6 {[%emt 0:00:12]} dxe4 {[%emt 0:01:01]} 27. Rh7+ {[%emt 0:01:39]} Rxh7 {[%emt 0:01:51]} 28. Qxh7+ {[%emt 0:00:10]} Kf8 {[%emt 0:01:39]} 29. Nh4 {[%emt 0:03:31]} Qg5 {[%emt 0:01:41]} 30. f3 {[%emt 0:02:40]} Nf6 {[%emt 0:03:43]} 31. Qh8+ {[%emt 0:07:00]} Ke7 {[%emt 0:00:13]} 32. Nxg6+ {[%emt 0:01:48]} Qxg6 {[%emt 0:00:32]} 0-1